El arte de la danza oriental : (Registro nro. 12750)

Detalles MARC
000 -LIDER
fixed length control field 00905nam a22002897a 4500
003 - IDENTIFICACDOR DE NÚMERO DE CONTROL
control field DO-SdBNP
005 - DATE AND TIME OF LATEST TRANSACTION
control field 20240524122113.0
008 - ELEMENTOS DE LONGITUD FIJA
fixed length control field 171102b 2009 sp ||| 00| 0 spa d
020 ## - ISBN
International Standard Book Number 9788475563763
040 ## - FUENTE DE CATALOGACIÓN
Agencia que crea de manera original el registro BPMSU
Idioma de catalogación spa
Agencia que realiza la transcripción BPMSU
082 #4 - NÚMERO DE CLASIFICACIÓN DECIMAL DE DEWEY
Classification number 793.35
Item number K84a 2009
Edition number 22
092 ## - LOCALLY ASSIGNED DEWEY DECIMAL CALL NUMBER
Número de clasificación xxxxx
Número de ítem (Cutter) xxxxx
100 1# - ASIENTO PRINCIPAL -- NOMBRE PERSONAL
Nombre personal Korek, Devorah
245 13 - MENCIÓN DE TITULO
Título El arte de la danza oriental :
Subtítulo danza del vientre /
Mención de responsabilidad Devorah Korek
250 ## - MENCIÓN DE EDICION
Mención de edición 4a ed.
260 ## - PUBLICACIÓN, DISTRIBUCIÓN, ETC. (PIE DE IMPRENTA)
Lugar de publicación, distribución, etc Barcelona :
Nombre del editor, distribuidor, etc. Océano,
Fecha de publicación, distribución, etc 2009.
300 ## - DESCRIPCIÓN FÍSICA
Extensión 303 p. :
Otros detalles físicos il. ;
Dimensiones 25 cm.
490 0# - MENCIÓN DE SERIES
Mención de serie Océano Ámbar
500 ## - NOTA GENERAL
Nota general La danza más sensual del mundo, explicada paso a paso
590 ## - NOTA LOCAL
Texto de la nota local Inventariado, 2024/VM
650 #4 - ENCABEZAMIENTO DE MATERIA--TEMÁTICO
Término temático o nombre geográfico como elemento de entrada Danza del vientre
Subdivisión temática general Historia
650 #4 - ENCABEZAMIENTO DE MATERIA--TEMÁTICO
Término temático o nombre geográfico como elemento de entrada Danza de vientre
Subdivisión temática general Enseñanza
650 #4 - ENCABEZAMIENTO DE MATERIA--TEMÁTICO
Término temático o nombre geográfico como elemento de entrada Danza del vientre
Subdivisión de forma Técnicas
700 1# - ASIENTO SECUNDARIO -- NOMBRE PERSONAL
Nombre personal García Jordi
Mención de responsabilidad fotografías
910 ## - VALIDACIÓN
Validación VMateo V. Control de la calidad. BPMSU
942 ## - ADDED ENTRY ELEMENTS (KOHA)
Source of classification or shelving scheme Dewey Decimal Classification
Koha item type Libros
Existencias
Withdrawn status Lost status Source of classification or shelving scheme Damaged status Not for loan Collection code Home library Current library Date acquired Source of acquisition Total Checkouts Full call number Barcode Date last seen Price effective from Koha item type Copy number
    Dewey Decimal Classification     Colección General Biblioteca Pública Metropolitana Salomé Ureña Biblioteca Pública Metropolitana Salomé Ureña 11/02/2017 COMPRA   BPMSU CG 793.35 K84a 2009 BPMSU17110028 11/02/2017 11/02/2017 Libros  
    Dewey Decimal Classification     Colección General Biblioteca Pública Metropolitana Salomé Ureña Biblioteca Pública Metropolitana Salomé Ureña 11/02/2017 COMPRA   BPMSU CG 793.35 K84a 2009 BPMSU17110029 11/02/2017 11/02/2017 Libros e.2